Aplikácia obohatenej skutočnosti pri virtuálnych prehliadkach architektúry

Salvato in:
Dettagli Bibliografici
Autore principale: Fiflík, Andrej (Autore)
Altri autori: Šperka, Martin, 1945- (Relatore della tesi)
Natura: Manoscritto Libro
Lingua:slovacco
Pubblicazione: Bratislava : STU, 2006
Soggetti:
Tags: Aggiungi Tag
Nessun Tag, puoi essere il primo ad aggiungerne!!

MARC

LEADER 00000ntm a22000003a 4500
001 stu139118
005 20180423131228.6
008 070321s2006----xo------------------slo-d
040 |a STU  |b slo 
041 0 |a slo 
044 |a xo 
100 1 |a Fiflík, Andrej  |4 aut 
245 1 |a Aplikácia obohatenej skutočnosti pri virtuálnych prehliadkach architektúry 
260 |a Bratislava :  |b STU,  |c 2006 
300 |a 50 s 
650 7 |a softvérové inžinierstvo  |2 stusub 
700 1 |a Šperka, Martin,  |d 1945-  |4 ths  |X 1924  |7 1924 
996 |c I*DP49/06  |l II680  |s P  |a 0  |w stu139118_0001